• 首页
  • 本馆介绍
  • 公告通知
  • 最新文献
  • 馆藏检索
  • 电子资源
  • 读者导购
  • 参考咨询
  • 我的图书馆
  • 登录
  • 详细信息显示
  • 放入我的书架
  • 预约/预借图书
  • 作者相关作品
  • 分类相关作品
  • 丛书相关作品
  • 出版社相关作品

书目信息

  • 表格格式
  • 工作单格式
  • 卡片格式
题名:
数权法3.0
    
 
作者: ;连玉明 主编 ;大数据战略重点实验室 著
分册:  
出版信息: 北京   社会科学文献出版社  2021
页数: 471页
开本: 21cm
丛书名:
单 册:
中图分类: D922.174
科图分类:
主题词: 科学技术管理法规--ke xue ji shu guan li fa gui--研究--中国
电子资源:
ISBN: 978-7-5201-8094-8
000 01400nam0 2200277 450
001 2160529897
005 20210926145327.0
010    @a978-7-5201-8094-8@b精装@dCNY59.00
100    @a20210608d2021 em y0chiy0120 ea
101 0  @achi
102    @aCN@b110000
105    @aa z 000yy
106    @ar
200 1  @a数权法3.0@Ashu quan fa 3.0@e数权的立法前瞻@dData rights law 3.0@ethe legislative prospect@f大数据战略重点实验室著@g连玉明主编@zeng
210    @a北京@c社会科学文献出版社@d2021
215    @a471页@c图@d21cm
300    @a中国政法大学数权法研究中心学术支持 大数据战略重点实验室浙江大学研究基地 大数据战略重点实验室中国政法大学研究基地特别支持 大数据战略重点实验室重点研究项目 基于大数据的城市科学研究北京市重点实验室重点研究项目 北京国际城市文化交流基金会智库工程出版基金资助项目
330    @a本书以世界主要国家(地区)及国际组织发布的300余部隐私、信息或数据相关法律制度为蓝本,通过对域外数权制度相关条款进行溯源、梳理、比照、分析,研究我国数权立法的前瞻性问题。
510 1  @aData rights law 3.0@ethe legislative prospect@zeng
517 1  @a数权的立法前瞻@Ashu quan de li fa qian zhan
606 0  @a科学技术管理法规@Ake xue ji shu guan li fa gui@x研究@y中国
690    @aD922.174@v5
702  0 @a连玉明@Alian yu ming@4主编
711 02 @a大数据战略重点实验室@Ada shu ju zhan lue chong dian shi yan shi@4著
801  0 @aCN@b百万庄@c20210926
905    @b1301095-98@dD922.174@e2158@f4
    
    数权法3.0:数权的立法前瞻=Data rights law 3.0:the legislative prospect/大数据战略重点实验室著/连玉明主编.-北京:社会科学文献出版社,2021
    471页:图;21cm
    中国政法大学数权法研究中心学术支持 大数据战略重点实验室浙江大学研究基地 大数据战略重点实验室中国政法大学研究基地特别支持 大数据战略重点实验室重点研究项目 基于大数据的城市科学研究北京市重点实验室重点研究项目 北京国际城市文化交流基金会智库工程出版基金资助项目
    
    ISBN 978-7-5201-8094-8(精装):CNY59.00
    本书以世界主要国家(地区)及国际组织发布的300余部隐私、信息或数据相关法律制度为蓝本,通过对域外数权制度相关条款进行溯源、梳理、比照、分析,研究我国数权立法的前瞻性问题。
●
相关链接 在E读中查询图书 在五车中查询图书 在当当中查询图书 在豆瓣中查询图书


正题名:数权法3.0     索取号:D922.174/2158         预约/预借

序号 登录号 条形码 馆藏地/架位号 状态 备注
1 1301095   213010953   第一样本阅览室/ [索取号:D922.174/2158] 在馆    
2 1301096   213010962   第一借阅区/ [索取号:D922.174/2158] 在馆    
3 1301097   213010971   第一借阅区/ [索取号:D922.174/2158] 在馆    
4 1301098   213010980   第一借阅区/ [索取号:D922.174/2158] 在馆    
唐山师范学院图书馆 欢迎您!
大连网信软件有限公司© 版权所有